| 000 | 00891nam a22002657a 4500 | ||
|---|---|---|---|
| 001 | 90102 | ||
| 003 | UA-OsUOA | ||
| 005 | 20260306144941.0 | ||
| 007 | ta | ||
| 008 | 20121114b un ||||| |||| 00| 0 ukr d | ||
| 020 | _a5308010471 | ||
| 040 |
_aUA-OsUOA _bukr _cUA-OsUOA _dUA-OsUOA |
||
| 041 | _aukr | ||
| 080 | _a821.161.2-94 | ||
| 090 |
_a821.161.2-94 _bК68 |
||
| 100 |
_aКоролева Н. _924323 |
||
| 245 |
_aПредок _bісторичні повісті ; легенди старокиївські _cНаталена Королева ; упоряд. О. В. Мишанич |
||
| 260 |
_aК. _bДніпро _c1991 |
||
| 300 | _a670 с. | ||
| 490 | _aБІбліотека історичної прози | ||
| 650 | 7 |
_a821.161.2 Українська література _2UDC _941 |
|
| 700 | 1 |
_aМишанич О. В. _eупоряд. _917485 |
|
| 942 |
_cBK _2udc |
||
| 955 | _a3 | ||
| 999 |
_c376276 _d376276 |
||